LEADER 06958nam 2200637 450 001 996466115203316 005 20210331110204.0 010 $a3-540-87730-4 024 7 $a10.1007/978-3-540-87730-1 035 $a(CKB)1000000000490506 035 $a(SSID)ssj0000317192 035 $a(PQKBManifestationID)11258277 035 $a(PQKBTitleCode)TC0000317192 035 $a(PQKBWorkID)10294281 035 $a(PQKB)11552028 035 $a(DE-He213)978-3-540-87730-1 035 $a(MiAaPQ)EBC3063311 035 $a(MiAaPQ)EBC6413312 035 $a(PPN)129063045 035 $a(EXLCZ)991000000000490506 100 $a20210331d2008 uy 0 101 0 $aeng 135 $aurnn|008mamaa 181 $ctxt 182 $cc 183 $acr 200 00$aDiagrammatic representation and inference $e5th international conference, diagrams 2008, herrsching, germany, september 19-21, 2008, proceedings /$fedited by Gem Stapleton, John Howse, John Lee 205 $a1st ed. 2008. 210 1$aBerlin, Germany :$cSpringer,$d[2008] 210 4$d©2008 215 $a1 online resource (XV, 445 p.) 225 1 $aLecture Notes in Artificial Intelligence ;$v5223 300 $aBibliographic Level Mode of Issuance: Monograph 311 $a3-540-87729-0 320 $aIncludes bibliographical references and index. 327 $aKeynote Reflections -- Heterogeneous Reasoning -- Rich Data Representation: Sophisticated Visual Techniques for Ease and Clarity -- Model Driven Development with Mechatronic UML -- Tutorials -- Cognitive Dimensions of Notations: Understanding the Ergonomics of Diagram Use -- Getting Started with Sketch Tools -- Diagram Aesthetics and Layout -- General Euler Diagram Generation -- Euler Diagram Decomposition -- Smooth Linear Approximation of Non-overlap Constraints -- Extremes Are Better: Investigating Mental Map Preservation in Dynamic Graphs -- Psychological and Cognitive Issues -- An Eye-Tracking Study of Exploitations of Spatial Constraints in Diagrammatic Reasoning -- What Diagrams Reveal about Representations in Linear Reasoning, and How They Help -- What Can Pictorial Representations Reveal about the Cognitive Characteristics of Autism? -- Visual Thinking with an Interactive Diagram -- Applications of Diagrams -- Strategy Roadmaps: New Forms, New Practices -- VAST Improvements to Diagrammatic Scheduling Using Representational Epistemic Interface Design -- Enhancing State-Space Tree Diagrams for Collaborative Problem Solving -- Visual Programming with Interaction Nets -- Theoretical Aspects -- Spider Diagrams of Order and a Hierarchy of Star-Free Regular Languages -- Diagrammatic Reasoning System with Euler Circles: Theory and Experiment Design -- A Normal Form for Euler Diagrams with Shading -- Ensuring Generality in Euclid?s Diagrammatic Arguments -- Depicting Negation in Diagrammatic Logic: Legacy and Prospects -- Diagrams in Education -- Transforming Descriptions and Diagrams to Sketches in Information System Design -- Graphical Revelations: Comparing Students? Translation Errors in Graphics and Logic -- Learning from Animated Diagrams: How Are Mental Models Built? -- Diagrams for the Masses: Raising Public Awareness ? From Neurath to Gapminder and Google Earth -- Understanding and Comprehension -- Detection of Sample Differences from Dot Plot Displays -- Visualizing Non-subordination and Multidominance in Tree Diagrams: Testing Five Syntax Tree Variants -- The Effects of Users? Background Diagram Knowledge and Task Characteristics upon Information Display Selection -- Multimodal Comprehension of Graphics with Textual Annotations: The Role of Graphical Means Relating Annotations and Graph Lines -- Posters -- Talk to the Hand: An Agenda for Further Research on Tactile Graphics -- Openproof - A Flexible Framework for Heterogeneous Reasoning -- Cognitive and Semantic Perspectives of Token Representation in Diagrams -- Estimating Effort for Trend Messages in Grouped Bar Charts -- Types and Programs from Euler Diagrams -- Diagrams in the UK National School Curriculum -- LePUS3: An Object-Oriented Design Description Language -- Utilizing Feature Diagrams to Assess the Capabilities of Tools That Support the Model Driven Architecture -- Diagrammatic Knowledge-Based Tools for Complex Multi-dynamic Processes -- Supporting Reasoning and Problem-Solving in Mathematical Generalisation with Dependency Graphs -- A Concept Mapping Tool for Nursing Education -- Cognitive Methods for Visualizing Space, Time, and Agents -- Benefits of Constrained Interactivity in Using a Three-Dimensional Diagram -- A Strategy for Drawing a Conceptual Neighborhood Diagram Schematically -- Supporting Relational Processing in Complex Animated Diagrams -- Animated Cladograms: Interpreting Evolution from Diagrams -- Automatic Diagram Drawing Based on Natural Language Text Understanding -- Texts and Graphs Elaboration: The Effect of Graphs? Examination on Recall -- Diagrammatic Logic of Existential Graphs: A Case Study of Commands -- Diagrammatic Reasoning in Separation Logic -- Method of Minimal Representation: An Alternative Diagrammatic Technique to Test the Validity of Categorical Syllogisms -- The Relationship between Graph Comprehension and Spatial Imagery: Support for an Integrative Theory of Graph Cognition -- Using MusicXML to Evaluate Accuracy of OMR Systems -- Aestheticization of Flowcharts -- Towards Diagrammatic Patterns -- Visualizing Meaning: Literacy Materials for Dyslexic Children -- Diagrammatic Interrelationships between Global and Local Algebraic Visual Objects: Communicating the Visual Abstraction -- School Curriculum Development to Promote Student Spontaneous Diagram Use in Problem Solving. 330 $aThis book constitutes the refereed proceedings of the 5th International Conference on Theory and Application of Diagrams, Diagrams 2008, held in Herrsching, Germany, in September 2008. The 25 revised papers and 28 poster papers presented together with 3 keynote papers and 2 tutorial papers were carefully reviewed and selected from 70 submissions. The papers are organized in topical sections on diagram aesthetics and layout, psychological and cognitive issues, applications of diagrams, theoretical aspects, diagrams in education, as well as understanding and comprehension. 410 0$aLecture Notes in Artificial Intelligence ;$v5223 517 3 $aDiagrams 2008 606 $aComputer graphics$vCongresses 606 $aGraphic methods$vCongresses 606 $aVisual communication$vCongresses 615 0$aComputer graphics 615 0$aGraphic methods 615 0$aVisual communication 676 $a006.6 702 $aStapleton$b Gem 702 $aLee$b John 702 $aHowse$b John 801 0$bMiAaPQ 801 1$bMiAaPQ 801 2$bMiAaPQ 906 $aBOOK 912 $a996466115203316 996 $aDiagrammatic Representation and Inference$9772658 997 $aUNISA LEADER 02880nam 2200529 450 001 9910795011103321 005 20230118111836.0 010 $a3-657-70274-1 024 7 $a10.30965/9783657702749 035 $a(CKB)4920000000126313 035 $z(OCoLC)1122736970 035 $a(nllekb)BRILL9783657702749 035 $a(MiAaPQ)EBC6517662 035 $a(Au-PeEL)EBL6517662 035 $a(OCoLC)1243535394 035 $a(Brill | Scho?ningh)9783657702749 035 $a(EXLCZ)994920000000126313 100 $a20230118d2019 uy 0 101 0 $ager 135 $aurun####uuuua 181 $ctxt$2rdacontent 182 $cn$2rdamedia 183 $2rdacarrier 200 10$aNeues Deutschland - Neues Deutschlandbild? $eSelbstdarstellung und Rezeption der Berliner Republik in Frankreich seit 1990 /$fJean-Samuel Marx 205 $a1st ed. 210 1$aPaderborn :$cFerdinand Scho?ningh,$d[2019] 210 4$d©2019 215 $a1 online resource 225 1 $aSammlung Scho?ningh zur Geschichte und Gegenwart 311 $a3-506-70274-2 320 $aIncludes bibliographical references and index. 327 $aFront Matter -- Copyright page -- Danksagung -- Einleitung -- Neues Deutschland ? alte Bilder? Die Gegenwart der Vergangenheit. 1990?1998 -- Eine allmähliche Emanzipation von der Vergangenheit? 1998 bis 2009 -- Ausblick: eine schleichende Entfremdung? Die Selbstdarstellung und Rezeption Deutschlands in Krisenzeiten. 2010?2015 -- Schlussbetrachtung -- Back Matter -- Abkürzungsverzeichnis -- Literatur- und Quellenverzeichnis -- Personenregister. 330 $aDie Wiedervereinigung vera?nderte Deutschland nicht nur im Inneren, sondern wirkte sich auch in hohem Maße auf die deutsche Stellung in Europa und in der Welt aus. Die neuen Rahmenbedingungen sowie der Generationswechsel in der Politik fu?hrten in den Folgejahren zu einer Vera?nderung der deutschen Selbstdarstellung. All dies blieb nicht ohne Folgen auf ihre Wahrnehmung im Ausland. Der promovierte Historiker Jean-Samuel Marx untersucht in diesem Band die Selbstdarstellung und die Rezeption des wiedervereinigten Deutschlands in Frankreich seit 1990. Dabei arbeitet er heraus, anhand welcher Faktoren diese Entwicklungen zu erkla?ren sind und inwiefern die Selbstdarstellung der Bundesrepublik und ihre Rezeption miteinander korrelieren. 410 0$aSammlung Scho?ningh zur Geschichte und Gegenwart. 606 $aFrench$zGermany$zBerlin 607 $aFrance$xForeign relations$zGermany 607 $aGermany$xCivilization$xFrench influences 615 0$aFrench 676 $a943.15500441 700 $aMarx$b Jean-Samuel$f1988-$01552548 801 0$bMiAaPQ 801 1$bMiAaPQ 801 2$bMiAaPQ 906 $aBOOK 912 $a9910795011103321 996 $aNeues Deutschland - Neues Deutschlandbild$93812522 997 $aUNINA